00582nam a22002177a 4500003000500000005001700005008004100022010001000063011001000073035001000083040000900093082001800102100001800120245004400138260006000182300002000242490001900262650002800281650003600309830001900345CHAP20220329135927.0971013s1993 r 00010 d a44242 a45214 a49353 cCHAP a972.6bC5 v.500aYadeun, Juan. aTonináb: el laberinto del inframundo aMéxico, D.F. :bGobierno del Estado de Chiapas,c1993 a127 p.b: ilus. aChiapas eterno14aArqueologíaxChiapas.14aChiapasxDescripción y viaje.0 aChiapas eterno